000 00589cam a2200205 4500500
005 20260405002906.0
041 _afre
042 _adc
100 1 0 _aEnjalbert, Cédric
_eauthor
245 0 0 _aL’amour et l’infox
260 _c2019.
500 _a22
690 _aHarold Pinter
690 _aInfox
690 _aLudovic Lagarde
690 _aThéâtre
690 _aVérité
786 0 _nPhilosophie magazine | 127 | 3 | 2019-03-01 | p. 60-60 | 1951-1787
856 4 1 _uhttps://shs.cairn.info/magazine-philosophie-magazine-2019-3-page-60?lang=fr&redirect-ssocas=7080
999 _c2062207
_d2062207